000 00349pam a2200133 a 4500
020 _a978-1-85097-183-2
_c
041 _h
082 _a617.69
_bBUR
100 _aHugo,
_eBurkard.
245 _aEsthetics With Resin Composite
_hTextual Documents
260 _aLondon
_bQuintessence Publishing Co, Inc
300 _a260:
_c28.5*21+
_eBOOK.
930 _a3548
999 _c42908
_d42908